| 000 | 00686aam a2200277 4500 | ||
|---|---|---|---|
| 005 | 20250818122109.0 | ||
| 008 | 150730b1999 xxu||||| |||| 00| 0 spa d | ||
| 020 | _a8485389964 | ||
| 041 | _aESP | ||
| 041 | _aING | ||
| 082 | _a333.783.097.286 B973p | ||
| 100 | _aBoza, Mario | ||
| 245 | _aParques Nacionales Costa Rica-National Parks | ||
| 260 | _aCosta Rica | ||
| 260 | _bIncafo | ||
| 260 | _c1999 | ||
| 300 | _a95 páginas | ||
| 490 | _aTurismo | ||
| 500 | _aTAMBIÉN EN IDIOMA INGLES | ||
| 650 | _aPARQUES NACIONALES | ||
| 650 | _aRESERVAS DE TIERRAS | ||
| 650 | _aREFUGIOS DE VIDA SILVESTRE | ||
| 650 | _aCOSTA RICA | ||
| 650 | _aPROTECCIÓN | ||
| 942 |
_cBK _2ddc |
||
| 999 |
_c418 _d418 |
||